000
00310nam a22001337a 4500
008
180917b xxu||||| |||| 00| 0 eng d
020
_a
9780130520364
041
_a
eng
080
_a
721.063
100
_a
62
101
_a
AUD
245
_a
Auditing An Integrated Approach
_c
Lemon .A
942
_2
udc
_c
BK
999
_c
47857
_d
47857